Геохимические особенности подземных вод хозяйственно-питьевого назначение юга Западно-Сибирского артезианского бассейна: автореферат диссертации на соискание ученой степени кандидата геолого-минералогических наук; спец. 25.00.07

Podrobná bibliografie
Hlavní autor: Балобаненко А. А. Андрей Александрович
Korporace: Национальный исследовательский Томский политехнический университет (ТПУ), Томскгеомониторинг
Další autoři: Дутова Е. М. Екатерина Матвеевна (научный руководитель)
Shrnutí:Защита сост. 15.06.2018 г.
Jazyk:ruština
Vydáno: Томск, [Б. и.], 2018
Témata:
Médium: MixedMaterials Kniha
KOHA link:https://koha.lib.tpu.ru/cgi-bin/koha/opac-detail.pl?biblionumber=341150

MARC

LEADER 00000nam0a2200000 4500
001 341150
005 20240205163543.0
035 |a (RuTPU)RU\TPU\book\368644 
090 |a 341150 
100 |a 20180703d2018 k y0rusy50 ca 
101 0 |a rus 
102 |a RU 
105 |a a dm 001zy 
200 1 |a Геохимические особенности подземных вод хозяйственно-питьевого назначение юга Западно-Сибирского артезианского бассейна  |e автореферат диссертации на соискание ученой степени кандидата геолого-минералогических наук  |e спец. 25.00.07  |f А. А. Балобаненко  |g Национальный исследовательский Томский политехнический университет (ТПУ) ; Томскгеомониторинг ; науч. рук. Е. М. Дутова 
210 |a Томск  |c [Б. и.]  |d 2018 
215 |a 22 с.  |c ил. 
300 |a Защита сост. 15.06.2018 г. 
320 |a Библиогр.: с. 22 (7 назв.) 
452 1 |0 (RuTPU)RU\TPU\book\367909  |t Геохимические особенности подземных вод хозяйственно-питьевого назначение юга Западно-Сибирского артезианского бассейна  |o автореферат диссертации на соискание ученой степени кандидата геолого-минералогических наук  |o спец. 25.00.07  |f А. А. Балобаненко  |g Национальный исследовательский Томский политехнический университет, Томскгеомониторинг ; науч. рук. Е. М. Дутова  |c Томск  |d 2018  |a Балобаненко, Андрей Александрович 
606 1 |a Воды подземные  |x Гидрогеохимия  |2 stltpush  |3 (RuTPU)RU\TPU\subj\3158  |9 31613 
610 1 |a формирование 
610 1 |a геохимические особенности 
610 1 |a качество 
610 1 |a использование 
610 1 |a водоснабжение 
610 1 |a региональная оценка 
610 1 |a Западно-Сибирский артезианский бассейн 
610 1 |a хозяйственно-питьевое назначение 
610 1 |a авторефераты диссертаций 
610 1 |a труды учёных ТПУ 
675 |a 556.314.6(04)  |v 4 
686 |a 25.00.07  |2 oksvnk 
700 1 |a Балобаненко  |b А. А.  |g Андрей Александрович 
702 1 |a Дутова  |b Е. М.  |c гидрогеолог  |c профессор Томского политехнического университета, доктор геолого-минералогических наук  |f 1956-  |g Екатерина Матвеевна  |3 (RuTPU)RU\TPU\pers\26078  |4 727  |9 11916 
712 0 2 |a Национальный исследовательский Томский политехнический университет (ТПУ)  |c (2009- )  |3 (RuTPU)RU\TPU\col\15902 
712 0 2 |a Томскгеомониторинг  |3 (RuTPU)RU\TPU\col\15216  |9 26100 
801 1 |a RU  |b 63413507  |c 20180703 
801 2 |a RU  |b 63413507  |c 20190109  |g RCR 
942 |c BK